[Event "Hessen-ch qual-C"]
[Site "Erlensee"]
[Date "2007.04.06"]
[Round "4"]
[White "Rack, Matthias"]
[Black "Libuda, Thomas"]
[Result "1-0"]
[WhiteElo "2040"]
[BlackElo "2009"]
[PlyCount "55"]
[EventDate "2007.04.04"]
[EventType "swiss"]
[EventRounds "7"]
[EventCountry "GER"]
[SourceTitle "CBM 117 Extra"]
[Source "ChessBase"]
[SourceDate "2007.05.09"]
[SourceVersion "1"]
[SourceVersionDate "2007.05.09"]
[SourceQuality "1"]

1. Nf3 g6 2. g3 Bg7 3. Bg2 d6 4. d3 Nc6 5. 0-0 Nf6 6. e4 0-0 7. Nbd2 Rb8 8. c3 a6 9. Re1 b5 10. h3 e5 11. Qc2 Be6 12. d4 exd4 13. Nxd4 Nxd4 14. cxd4 Qc8 15. Kh2 d5 16. e5 Nd7 17. Nb3 Re8 18. Bf4 f6 19. exf6 Bxf6 20. Rxe6 Rxe6 21. Bxd5 Nb6 22. Bxe6+ Qxe6 23. Nc5 Qc6 24. Be3 Re8 25. Rc1 Nc4 26. Qb3 Qf3 27. Rxc4 Rxe3 28. Qxe3 1-0